| 000 | 00426nam a2200157Ia 4500 | ||
|---|---|---|---|
| 008 | 210716s2005 xx 000 0 und d | ||
| 020 | _a8178815257 | ||
| 041 | _aeng | ||
| 082 | _a332.17 RAOK | ||
| 100 | _aRao, Katuri Nageswara. | ||
| 245 |
_aIndian banking: strategic issues. _bStrategic issues |
||
| 250 | _a1 | ||
| 260 |
_aHyderabad _bThe ICFAI University _c2005 |
||
| 300 | _axi,183 | ||
| 700 | _aRao, Katuri Nageswara. | ||
| 999 |
_c199641 _d199641 |
||